|
|
|
|
| LEADER |
00000nab a2200000 a 4500 |
| 001 |
vtls008621364 |
| 003 |
SK-MaSNL |
| 005 |
20260303071922.0 |
| 008 |
060209c20051212xo dr n 000 00slo |
| 038 |
|
|
|a SVKPOCL
|
| 040 |
|
|
|a SVKPOCL
|b slo
|c AACR2
|e AACR2
|
| 041 |
|
|
|a slo
|
| 044 |
|
|
|a xo
|c SK
|
| 080 |
|
|
|a 796.322.093.1
|2 1997
|
| 245 |
0 |
0 |
|a Prešovčania v elitnej osmičke!
|b Tatran Prešov - RK Sloga Doboj 33:23 (17:10)
|c [autor] (ms)
|
| 300 |
|
|
|a Fotogr.
|
| 610 |
2 |
7 |
|a ŠK Farmakol Tatran Prešov (Prešov, Slovensko)
|2 svkpocl
|9 1059157
|
| 648 |
|
7 |
|a sezóna 2005/2006
|2 svkpocl
|9 1033192
|
| 650 |
0 |
7 |
|a hádzaná
|2 svkpocl
|9 3292
|
| 650 |
0 |
7 |
|a muži
|2 svkpocl
|9 4888
|
| 650 |
0 |
7 |
|a Pohár víťazov pohárov
|2 svkpocl
|9 1014862
|
| 651 |
|
7 |
|a Prešov (Slovensko)
|2 svkpocl
|9 17347
|
| 773 |
0 |
|
|t Prešovský večerník
|g Roč. XVI, č. 3855 (12.12.2005)
|x 1336-4030
|
| 773 |
0 |
8 |
|i Príl.:
|t Šport Extra
|g Č. 50 (12. decembra 2005), s. 9
|
| 852 |
|
|
|a SVKPO
|b KIS3GCP
|
| 856 |
4 |
1 |
|u www.vecernik.po.sk
|
| 999 |
|
|
|c 1761985
|d 1763915
|